000 00260nam a2200109 a 4500
005 20140414131954.0
008 110207s19uu xx 00 eng d
050 _aTR 363.3
_bCh38 2006
100 _aCharlesworth, Eric
245 _aBlizzards!.
999 _c112863
_d112863